WW2 British Tanks - Statistics

General Stats
  • This quiz has been taken 159 times
  • The average score is 6 of 20
Answer Stats
Answer % Correct
Churchill
91%
Cromwell
72%
Crusader
70%
Matilda
64%
Sherman
57%
Valentine
51%
Comet
48%
Archer
28%
Cruiser
28%
Challenger
25%
A13
17%
Centaur
17%
Avenger
12%
Vickers
12%
Churchill Gun Carrier
5%
A20
4%
Achillies
4%
Excelsior
3%
Coventar
1%
Teterach
1%
No matching quizzes found
Score Distribution
Percent of People with Each Score
Percentile by Number Answered
Your Score History
You have not taken this quiz